00598 a2200181 450000100060000002000150000604000220002110000250004324000400006824500350010830000070014336200090015065000230015994200070018295201140018995200960030399900170039961847 a8532259073 cAnchieta - Pituba aFossa, Armando Pedro10aO tesouro da montanha de pedralpor10aO tesouro da montanha de pedra a710 a2006 4aLiteratura juvenil cBK 00104070a91.1b91.1d2023-11-21l0oLJ 028.5 F751t FOS TESp14126/PITr2023-11-21 18:30:07w2023-11-21yBK 00102ddc4070a57.2b57.2d2024-07-05l0pif838r2024-07-05 12:25:41w2024-07-05yBKzOu c61847d61847